[Event "Stay Safe Play From Home 242"]
[Site "Emanuel Lasker Arena"]
[Date "2020.06.21"]
[Round "6"]
[White "Chase the sun"]
[Black "Mehrdadahouran"]
[Result "0-1"]
[WhiteElo "1839"]
[BlackElo "1817"]
[Annotator "NA RC"]
[PlyCount "80"]
[EventDate "2020.06.21"]
[EventType "swiss (blitz)"]

1. e4 {[%emt 0:00:02]} e6 {[%emt 0:00:01]} 2. b3 {[%emt 0:00:02]} d5 {[%emt 0:00:00]} 3. Bb2 {[%emt 0:00:00]} dxe4 {[%emt 0:00:01]} 4. Nc3 {[%emt 0:00:01]} Nf6 {[%emt 0:00:01]} 5. g4 {[%emt 0:00:01]} h6 {[%emt 0:00:02]} 6. Bg2 {[%emt 0:00:01]} Bb4 {[%emt 0:00:02]} 7. Nxe4 {[%emt 0:00:01]} Nbd7 {[%emt 0:00:01]} 8. Qe2 {[%emt 0:00:02]} Nxe4 {[%emt 0:00:02]} 9. Bxe4 {[%emt 0:00:00]} Bd6 {[%emt 0:00:02]} 10. d4 {[%emt 0:00:04]} Nf6 {[%emt 0:00:01]} 11. Bd3 {[%emt 0:00:01]} c6 {[%emt 0:00:02]} 12. O-O-O {[%emt 0:00:01]} Qe7 {[%emt 0:00:01]} 13. h4 {[%emt 0:00:02]} Bd7 {[%emt 0:00:03]} 14. Nh3 {[%emt 0:00:01]} O-O-O {[%emt 0:00:01]} 15. f4 {[%emt 0:00:00]} g6 {[%emt 0:00:03]} 16. g5 {[%emt 0:00:01]} hxg5 {[%emt 0:00:01]} 17. Nxg5 {[%emt 0:00:02]} Nd5 {[%emt 0:00:01]} 18. Ne4 {[%emt 0:00:03]} Bxf4+ {[%emt 0:00:01]} 19. Kb1 {[%emt 0:00:01]} f5 {[%emt 0:00:01]} 20. Ng5 {[%emt 0:00:01]} Bxg5 {[%emt 0:00:01]} 21. hxg5 {[%emt 0:00:00]} Qxg5 {[%emt 0:00:01]} 22. Rhg1 {[%emt 0:00:03]} Qf6 {[%emt 0:00:01]} 23. Qf2 {[%emt 0:00:04]} g5 {[%emt 0:00:02]} 24. c4 {[%emt 0:00:01]} Nf4 {[%emt 0:00:01]} 25. Bc2 {[%emt 0:00:02]} Qf7 {[%emt 0:00:03]} 26. d5 {[%emt 0:00:01]} Nh3 {[%emt 0:00:01]} 27. Qxa7 {[%emt 0:00:03]} exd5 {[%emt 0:00:02]} 28. Be5 {[%emt 0:00:03]} Be6 {[%emt 0:00:02]} 29. Qb8+ {[%emt 0:00:02]} Kd7 {[%emt 0:00:00]} 30. Qxb7+ {[%emt 0:00:02]} Ke8 {[%emt 0:00:01]} 31. Qxc6+ {[%emt 0:00:02]} Bd7 {[%emt 0:00:01]} 32. Qxd5 {[%emt 0:00:02]} Qxd5 {[%emt 0:00:01]} 33. Rxd5 {[%emt 0:00:00]} g4 {[%emt 0:00:02]} 34. Bxh8 {[%emt 0:00:01]} Be6 {[%emt 0:00:01]} 35. Rxd8+ {[%emt 0:00:02]} Kxd8 {[%emt 0:00:00]} 36. Re1 {[%emt 0:00:01]} Kc7 {[%emt 0:00:00]} 37. Rxe6 {[%emt 0:00:02]} g3 {[%emt 0:00:00]} 38. Rg6 {[%emt 0:00:02]} f4 {[%emt 0:00:00]} 39. Bf5 {[%emt 0:00:01]} Nf2 {[%emt 0:00:00]} 40. Be5+ {[%emt 0:00:01]} Kb7 {[%emt 0:00:03] Zeit (Lag: Av=0.78s, max=1.3s)} 0-1

[Event "Stay Safe Play From Home 242"]
[Site "Emanuel Lasker Arena"]
[Date "2020.06.21"]
[Round "6"]
[White "Mandy"]
[Black "GIULIO19031975"]
[Result "0-1"]
[WhiteElo "999"]
[BlackElo "1795"]
[Annotator "NA RC"]
[PlyCount "22"]
[EventDate "2020.06.21"]
[EventType "swiss (blitz)"]

1. d4 {[%emt 0:00:02]} d5 {[%emt 0:00:01]} 2. Bf4 {[%emt 0:00:04]} Nf6 {[%emt 0:00:00]} 3. e3 {[%emt 0:00:01]} e6 {[%emt 0:00:01]} 4. h3 {[%emt 0:00:02]} Bd6 {[%emt 0:00:00]} 5. Bg3 {[%emt 0:00:05]} Bxg3 {[%emt 0:00:01]} 6. fxg3 {[%emt 0:00:03]} Qd6 {[%emt 0:00:01]} 7. Nf3 {[%emt 0:00:02]} Qxg3+ {[%emt 0:00:01]} 8. Ke2 {[%emt 0:00:12]} Ne4 {[%emt 0:00:01]} 9. Qd3 {[%emt 0:00:06]} Qf2+ {[%emt 0:00:01]} 10. Kd1 {[%emt 0:00:06]} Bd7 {[%emt 0:00:02]} 11. Nbd2 {[%emt 0:00:07]} a6 {[%emt 0:00:01] Mandy gibt auf (Lag: Av=0.53s, max=0.9s)} 0-1

[Event "Stay Safe Play From Home 242"]
[Site "Emanuel Lasker Arena"]
[Date "2020.06.21"]
[Round "7"]
[White "Mehrdadahouran"]
[Black "Bardellosport"]
[Result "0-1"]
[WhiteElo "1835"]
[BlackElo "2038"]
[Annotator "TA"]
[PlyCount "108"]
[EventDate "2020.06.21"]
[EventType "swiss (blitz)"]

{[%evp 9,108,25,49,19,15,0,13,-25,-18,-33,-8,-53,-27,-62,-18,-14,-12,-39,-38,-35,-28,-60,-23,-53,-16,-32,-23,-25,0,-3,-6,-111,-18,-139,-18,-109,-6,-169,-86,-80,42,16,147,63,42,0,0,-30,0,-81,-128,-125,0,0,182,-22,133,127,306,300,300,285,360,262,361,110,350,317,296,267,443,435,688,679,801,742,731,725,2581,2734,2789,2391,29983,2871,29987,29988,29989,29990,29990,29991,29990,29979,29992,29991,29991,29991,29993,29992,29993,29993,29993]} 1. d4 d6 2. c3 g6 3. Bf4 Bg7 4. e3 f5 5. Nd2 Nf6 6. h3 {A41: 1 d4 d6: Tartakower System and Modern Defence.} O-O {[#]} 7. Qc2 $146 ({Predecessor:} 7. Ngf3 Qe8 8. Bd3 Nc6 9. Qb3+ Kh8 10. O-O-O a5 11. Bb5 Bd7 12. Bc4 a4 13. Qc2 {0-1 (44) Deben Gayo,J (1643)-Sanz Uson,M (2070) Madrid 2018}) 7... Nc6 8. Bd3 {The position is equal.} e5 9. dxe5 dxe5 10. Bh2 Qe7 11. Ne2 e4 12. Bc4+ Kh8 13. Nb3 a6 14. a4 Ne5 $36 {[%mdl 2048] Black has the initiative.} 15. Nd2 c6 16. b4 Re8 ({Of course not} 16... Nxc4 17. Nxc4 Qd8 18. Nd4 $11) 17. Bxe5 Qxe5 18. O-O Nd5 19. Bxd5 cxd5 20. Nd4 (20. Nb3 $11) 20... Qf6 (20... f4 $17 {...f3! is the strong threat.} 21. exf4 Qxf4) 21. c4 (21. N2b3 $1 $11) 21... Be6 (21... f4 $1 $17 {aiming for ...Bxh3!} 22. cxd5 f3 23. Nxe4 Qh4 24. gxf3 Bxh3) 22. c5 (22. Nxe6 $11 Qxe6 23. Rad1) 22... Rac8 (22... f4 $17 {And now ...fxe3 would win.} 23. Nxe6 Qxe6) 23. b5 $2 (23. Nxe6 $11 {and White has nothing to worry.} Qxe6 24. Rad1) 23... axb5 (23... f4 $1 $19 {Hoping for ...fxe3.} 24. Nxe6 Qxe6 25. bxa6 bxa6) 24. axb5 {[#]} Bg8 ({Black should try} 24... f4 $1 $17 {Strongly threatening ...fxe3.} 25. Ra7 fxe3) 25. N2b3 (25. Ra7 $5 {[%cal Ra7b7]}) 25... g5 (25... f4 $11 {keeps the balance.}) 26. c6 (26. Ra7 $16) 26... bxc6 $14 27. bxc6 f4 28. Ra6 f3 (28... Rf8 $5 {[%cal Rf4e3]}) 29. g3 (29. Rc1 $11) 29... Qh6 30. Kh2 {Black should prevent Nf5.} ({Don't blunder} 30. h4 $2 Qh5 $19) 30... g4 ({Black should play} 30... Be6 $1 $17 31. Nxe6 Rxe6) 31. h4 $11 {Threatens to win with Nf5.} Bf6 $2 (31... Re5 $1 $11 {and Black is okay.}) 32. Rh1 $2 (32. c7 $18) 32... Qg7 $2 (32... Be5 $11) 33. Qc5 $16 {Black is now going downhill.} Qf8 $2 {[#]} (33... Be5 $16) 34. Qxf8 $1 $18 Rxf8 35. Rc1 Bg7 36. Kg1 Rb8 37. Kf1 $2 (37. c7 $18 {and White stays clearly on top.}) 37... Rbc8 $2 (37... Rfc8 $16 {is a better defense.}) 38. Ke1 Rf6 39. Kd2 Be6 $2 (39... Bf7 40. Nc5 Rd6) 40. Nc5 Bf7 (40... Bg8 $142 41. Nd7 Rg6) 41. Nd7 Rg6 42. h5 Rd6 43. Nf5 Rf6 44. Nxf6 Bxf6 45. Nd6 {[%mdl 64] Double Attack} Kg7 46. Nxc8 d4 47. Na7 {White mates.} dxe3+ 48. Kxe3 Bg5+ 49. Kxe4 Bxc1 {KRN-KB} 50. Ke5 Ba3 51. c7 Bb2+ 52. Kd6 Ba3+ 53. Kd7 Bg6 54. c8=Q Bf5+ {[%mdl 32768] Accuracy: White = 51%, Black = 24%. . Loss on time!?} 0-1

[Event "Stay Safe Play From Home 242"]
[Site "Emanuel Lasker Arena"]
[Date "2020.06.21"]
[Round "7"]
[White "GIULIO19031975"]
[Black "Broken sword"]
[Result "0-1"]
[WhiteElo "1795"]
[BlackElo "2398"]
[Annotator "NA RC"]
[PlyCount "78"]
[EventDate "2020.06.21"]
[EventType "swiss (blitz)"]

1. e4 {[%emt 0:00:01]} c5 {[%emt 0:00:01]} 2. Nf3 {[%emt 0:00:01]} d6 {[%emt 0:00:00]} 3. Nc3 {[%emt 0:00:00]} Nf6 {[%emt 0:00:01]} 4. d4 {[%emt 0:00:01]} cxd4 {[%emt 0:00:00]} 5. Qd3 {[%emt 0:00:01]} dxc3 {[%emt 0:00:01]} 6. bxc3 {[%emt 0:00:00]} Nc6 {[%emt 0:00:01]} 7. Bb2 {[%emt 0:00:05]} g6 {[%emt 0:00:01]} 8. O-O-O {[%emt 0:00:01]} Bg7 {[%emt 0:00:02]} 9. e5 {[%emt 0:00:04]} dxe5 {[%emt 0:00:01]} 10. Qb5 {[%emt 0:00:03]} Qc7 {[%emt 0:00:01]} 11. Nxe5 {[%emt 0:00:02]} Qxe5 {[%emt 0:00:01]} 12. Bc4 {[%emt 0:00:02]} Qxb5 {[%emt 0:00:01]} 13. Bxb5 {[%emt 0:00:01]} O-O {[%emt 0:00:00]} 14. h4 {[%emt 0:00:03]} h5 {[%emt 0:00:02]} 15. Bd3 {[%emt 0:00:01]} Ng4 {[%emt 0:00:02]} 16. Rdf1 {[%emt 0:00:02]} Nce5 {[%emt 0:00:01]} 17. Be2 {[%emt 0:00:01]} Be6 {[%emt 0:00:02]} 18. f3 {[%emt 0:00:00]} Ne3 {[%emt 0:00:01]} 19. Re1 {[%emt 0:00:01]} N3c4 {[%emt 0:00:01]} 20. Bxc4 {[%emt 0:00:02]} Nxc4 {[%emt 0:00:01]} 21. Ba1 {[%emt 0:00:01]} Rfd8 {[%emt 0:00:02]} 22. g4 {[%emt 0:00:04]} Bh6+ {[%emt 0:00:01]} 23. Kb1 {[%emt 0:00:01]} Rac8 {[%emt 0:00:02]} 24. g5 {[%emt 0:00:00]} Bg7 {[%emt 0:00:01]} 25. Rxe6 {[%emt 0:00:03]} fxe6 {[%emt 0:00:01]} 26. a3 {[%emt 0:00:00]} Rc6 {[%emt 0:00:01]} 27. Ka2 {[%emt 0:00:00]} Rd2 {[%emt 0:00:01]} 28. Kb3 {[%emt 0:00:01]} Na5+ {[%emt 0:00:04]} 29. Ka4 {[%emt 0:00:01]} b6 {[%emt 0:00:01]} 30. c4 {[%emt 0:00:01]} Rxc2 {[%emt 0:00:01]} 31. Bxg7 {[%emt 0:00:02]} Kxg7 {[%emt 0:00:00]} 32. Kb5 {[%emt 0:00:02]} Rc7 {[%emt 0:00:01]} 33. Ka6 {[%emt 0:00:01]} R2xc4 {[%emt 0:00:01]} 34. a4 {[%emt 0:00:02]} Rxa4 {[%emt 0:00:02]} 35. Kb5 {[%emt 0:00:02]} Rcc4 {[%emt 0:00:01]} 36. Ka6 {[%emt 0:00:02]} Rc7 {[%emt 0:00:04]} 37. Kb5 {[%emt 0:00:01]} Rac4 {[%emt 0:00:01]} 38. Ka6 {[%emt 0:00:01]} R4c5 {[%emt 0:00:01]} 39. Ra1 {[%emt 0:00:02]} Nb3 {[%emt 0:00:01] Tempo (Lag: Av=0.35s, max=0.9s)} 0-1

[Event "Stay Safe Play From Home 242"]
[Site "Emanuel Lasker Arena"]
[Date "2020.06.21"]
[Round "7"]
[White "Tvtower68"]
[Black "SoulofWolf"]
[Result "0-1"]
[WhiteElo "1773"]
[BlackElo "2114"]
[Annotator "NA RC"]
[PlyCount "60"]
[EventDate "2020.06.21"]
[EventType "swiss (blitz)"]

1. e4 {[%emt 0:00:01]} c5 {[%emt 0:00:00]} 2. Nf3 {[%emt 0:00:01]} e6 {[%emt 0:00:00]} 3. a3 {[%emt 0:00:02]} a6 {[%emt 0:00:00]} 4. b4 {[%emt 0:00:01]} cxb4 {[%emt 0:00:00]} 5. axb4 {[%emt 0:00:01]} Bxb4 {[%emt 0:00:00]} 6. c3 {[%emt 0:00:01]} Be7 {[%emt 0:00:00]} 7. d4 {[%emt 0:00:00]} d6 {[%emt 0:00:00]} 8. Na3 {[%emt 0:00:02]} Nc6 {[%emt 0:00:02]} 9. Bd3 {[%emt 0:00:02]} Nf6 {[%emt 0:00:00]} 10. e5 {[%emt 0:00:01]} dxe5 {[%emt 0:00:01]} 11. dxe5 {[%emt 0:00:01]} Nd5 {[%emt 0:00:01]} 12. c4 {[%emt 0:00:01]} Ndb4 {[%emt 0:00:02]} 13. Bb1 {[%emt 0:00:04]} Qxd1+ {[%emt 0:00:02]} 14. Kxd1 {[%emt 0:00:01]} O-O {[%emt 0:00:01]} 15. Nb5 {[%emt 0:00:03]} Rd8+ {[%emt 0:00:00]} 16. Ke2 {[%emt 0:00:02]} Bd7 {[%emt 0:00:08]} 17. Nd6 {[%emt 0:00:04]} Rdb8 {[%emt 0:00:04]} 18. c5 {[%emt 0:00:04]} b6 {[%emt 0:00:02]} 19. cxb6 {[%emt 0:00:08]} Rxb6 {[%emt 0:00:01]} 20. Bd2 {[%emt 0:00:03]} Nd5 {[%emt 0:00:03]} 21. Be3 {[%emt 0:00:05]} Nxe3 {[%emt 0:00:01]} 22. fxe3 {[%emt 0:00:01]} Rb2+ {[%emt 0:00:01]} 23. Nd2 {[%emt 0:00:01]} a5 {[%emt 0:00:01]} 24. Be4 {[%emt 0:00:01]} Ra6 {[%emt 0:00:02]} 25. N6c4 {[%emt 0:00:01]} Rb5 {[%emt 0:00:07]} 26. Bxc6 {[%emt 0:00:01]} Bxc6 {[%emt 0:00:03]} 27. Rhb1 {[%emt 0:00:01]} h6 {[%emt 0:00:02]} 28. Rxb5 {[%emt 0:00:01]} Bxb5 {[%emt 0:00:01]} 29. Rb1 {[%emt 0:00:02]} Bxc4+ {[%emt 0:00:06]} 30. Nxc4 {[%emt 0:00:03]} a4 {[%emt 0:00:00] Time (Lag: Av=0.32s, max=0.6s)} 0-1

[Event "Stay Safe Play From Home 242"]
[Site "Emanuel Lasker Arena"]
[Date "2020.06.21"]
[Round "7"]
[White "Watchel"]
[Black "Mepe_Nika"]
[Result "0-1"]
[WhiteElo "1525"]
[BlackElo "2362"]
[Annotator "TA"]
[PlyCount "44"]
[EventDate "2020.06.21"]
[EventType "swiss (blitz)"]

{[%evp 21,44,-27,-20,-24,-22,-17,-28,-75,-77,-76,-80,-111,-72,-79,-39,-40,-43,-40,28,-625,-624,-616,-637,-608,-562]} 1. c4 c6 2. e4 d5 3. exd5 cxd5 4. cxd5 Nf6 5. d4 Nxd5 6. Nc3 Nc6 7. Nf3 Bg4 8. Be2 e6 9. O-O Be7 10. h3 Bh5 11. Nxd5 Qxd5 12. Be3 {B13: Caro-Kann: Exchange Variation and Panov-Botvinnik Attack.} O-O 13. Ne5 {[#] Threatens to win with Nxc6.} Bxe2 {[#]} 14. Qxe2 $146 {Black has an edge.} ({Predecessor:} 14. Nxc6 Qxc6 15. Qxe2 Qd5 16. Rfd1 Rac8 17. Rac1 a6 18. b3 Ba3 19. Rxc8 Rxc8 20. Qg4 {0-1 (30) Chen,Z-Hu,Y (1708) Changsha 2019}) 14... Nxe5 15. dxe5 Qxe5 16. Qf3 Bd6 {[%csl Gd6][%cal Re5h2] [#]} 17. g3 Qxb2 (17... b6 {seems wilder.} 18. Rad1 Rad8 19. Bd4 Qf5 20. Qxf5 exf5 21. Be3 Be5) 18. Rab1 Qxa2 {White must now prevent ...b6.} 19. Rxb7 Be5 ({Black should play} 19... f5 $15) 20. Bxa7 $2 {[%mdl 8192]} (20. Bc5 $11) 20... Rxa7 $19 {Black is clearly winning.} 21. Rxa7 Qxa7 22. Re1 Bf6 0-1

[Event "Stay Safe Play From Home 242"]
[Site "Emanuel Lasker Arena"]
[Date "2020.06.21"]
[Round "8"]
[White "Broken sword"]
[Black "Tvtower68"]
[Result "1-0"]
[WhiteElo "2399"]
[BlackElo "1769"]
[Annotator "NA RC"]
[PlyCount "77"]
[EventDate "2020.06.21"]
[EventType "swiss (blitz)"]

1. d4 {[%emt 0:00:02]} d5 {[%emt 0:00:01]} 2. Nf3 {[%emt 0:00:00]} c5 {[%emt 0:00:00]} 3. c3 {[%emt 0:00:01]} Nc6 {[%emt 0:00:00]} 4. Bf4 {[%emt 0:00:02]} Nf6 {[%emt 0:00:00]} 5. e3 {[%emt 0:00:01]} Bf5 {[%emt 0:00:01]} 6. Nbd2 {[%emt 0:00:01]} c4 {[%emt 0:00:01]} 7. b3 {[%emt 0:00:01]} b5 {[%emt 0:00:01]} 8. a4 {[%emt 0:00:01]} a6 {[%emt 0:00:01]} 9. b4 {[%emt 0:00:01]} e6 {[%emt 0:00:02]} 10. h3 {[%emt 0:00:00]} Ne4 {[%emt 0:00:01]} 11. Nxe4 {[%emt 0:00:01]} Bxe4 {[%emt 0:00:01]} 12. Nd2 {[%emt 0:00:00]} Bg6 {[%emt 0:00:02]} 13. Be2 {[%emt 0:00:00]} h6 {[%emt 0:00:01]} 14. O-O {[%emt 0:00:01]} Be7 {[%emt 0:00:01]} 15. Bf3 {[%emt 0:00:01]} O-O {[%emt 0:00:01]} 16. Re1 {[%emt 0:00:00]} f6 {[%emt 0:00:01]} 17. e4 {[%emt 0:00:01]} e5 {[%emt 0:00:01]} 18. dxe5 {[%emt 0:00:01]} fxe5 {[%emt 0:00:01]} 19. exd5 {[%emt 0:00:01]} exf4 {[%emt 0:00:03]} 20. dxc6 {[%emt 0:00:01]} Bg5 {[%emt 0:00:05]} 21. Ne4 {[%emt 0:00:04]} Rc8 {[%emt 0:00:02]} 22. axb5 {[%emt 0:00:02]} axb5 {[%emt 0:00:01]} 23. Nxg5 {[%emt 0:00:01]} hxg5 {[%emt 0:00:01]} 24. Qxd8 {[%emt 0:00:02]} Rfxd8 {[%emt 0:00:01]} 25. Ra5 {[%emt 0:00:00]} Rd3 {[%emt 0:00:05]} 26. Rc1 {[%emt 0:00:01]} Bf5 {[%emt 0:00:03]} 27. Rxb5 {[%emt 0:00:02]} g4 {[%emt 0:00:01]} 28. hxg4 {[%emt 0:00:01]} Rxf3 {[%emt 0:00:03]} 29. gxf3 {[%emt 0:00:01]} Bd3 {[%emt 0:00:02]} 30. Rc5 {[%emt 0:00:01]} Rc7 {[%emt 0:00:01]} 31. b5 {[%emt 0:00:01]} Kf7 {[%emt 0:00:07]} 32. b6 {[%emt 0:00:01]} Rxc6 {[%emt 0:00:02]} 33. Rxc6 {[%emt 0:00:01]} Ke7 {[%emt 0:00:01]} 34. b7 {[%emt 0:00:01]} Kd7 {[%emt 0:00:01]} 35. Rb6 {[%emt 0:00:02]} Kc7 {[%emt 0:00:01]} 36. b8=Q+ {[%emt 0:00:00]} Kd7 {[%emt 0:00:02]} 37. Rd6+ {[%emt 0:00:01]} Ke7 {[%emt 0:00:01]} 38. Qd8+ {[%emt 0:00:00]} Kf7 {[%emt 0:00:01]} 39. Qd7+ {[%emt 0:00:04] Time (Lag: Av=0.29s, max=0.7s)} 1-0

[Event "Stay Safe Play From Home 242"]
[Site "Emanuel Lasker Arena"]
[Date "2020.06.21"]
[Round "8"]
[White "Mepe_Nika"]
[Black "GIULIO19031975"]
[Result "1-0"]
[WhiteElo "2362"]
[BlackElo "1794"]
[Annotator "NA RC"]
[PlyCount "79"]
[EventDate "2020.06.21"]
[EventType "swiss (blitz)"]

1. d4 {[%emt 0:00:01]} d6 {[%emt 0:00:01]} 2. Bf4 {[%emt 0:00:01]} Nf6 {[%emt 0:00:01]} 3. e3 {[%emt 0:00:01]} g6 {[%emt 0:00:00]} 4. Nf3 {[%emt 0:00:01]} Bg7 {[%emt 0:00:00]} 5. h3 {[%emt 0:00:00]} O-O {[%emt 0:00:00]} 6. Be2 {[%emt 0:00:00]} Re8 {[%emt 0:00:01]} 7. O-O {[%emt 0:00:00]} Nbd7 {[%emt 0:00:00]} 8. Bh2 {[%emt 0:00:00]} e5 {[%emt 0:00:00]} 9. c4 {[%emt 0:00:01]} e4 {[%emt 0:00:00]} 10. Nfd2 {[%emt 0:00:01]} Nh5 {[%emt 0:00:01]} 11. Nc3 {[%emt 0:00:01]} Ndf6 {[%emt 0:00:01]} 12. b4 {[%emt 0:00:01]} b6 {[%emt 0:00:01]} 13. a4 {[%emt 0:00:01]} Bb7 {[%emt 0:00:00]} 14. a5 {[%emt 0:00:01]} c5 {[%emt 0:00:01]} 15. bxc5 {[%emt 0:00:02]} dxc5 {[%emt 0:00:01]} 16. axb6 {[%emt 0:00:02]} axb6 {[%emt 0:00:01]} 17. Rxa8 {[%emt 0:00:03]} Bxa8 {[%emt 0:00:01]} 18. d5 {[%emt 0:00:01]} Qe7 {[%emt 0:00:03]} 19. Qb3 {[%emt 0:00:01]} Nd7 {[%emt 0:00:02]} 20. Bxh5 {[%emt 0:00:02]} gxh5 {[%emt 0:00:01]} 21. Ndxe4 {[%emt 0:00:01]} Bxc3 {[%emt 0:00:02]} 22. Nxc3 {[%emt 0:00:00]} Ne5 {[%emt 0:00:01]} 23. Nb5 {[%emt 0:00:03]} Qf6 {[%emt 0:00:01]} 24. Nc7 {[%emt 0:00:03]} Rc8 {[%emt 0:00:02]} 25. Nxa8 {[%emt 0:00:01]} Rxa8 {[%emt 0:00:01]} 26. Bxe5 {[%emt 0:00:00]} Qxe5 {[%emt 0:00:01]} 27. Qxb6 {[%emt 0:00:00]} Qg5 {[%emt 0:00:02]} 28. Qxc5 {[%emt 0:00:02]} Re8 {[%emt 0:00:02]} 29. Qd4 {[%emt 0:00:01]} f6 {[%emt 0:00:02]} 30. d6 {[%emt 0:00:02]} Rd8 {[%emt 0:00:01]} 31. c5 {[%emt 0:00:01]} f5 {[%emt 0:00:01]} 32. Qd5+ {[%emt 0:00:02]} Kg7 {[%emt 0:00:02]} 33. c6 {[%emt 0:00:01]} Kh6 {[%emt 0:00:01]} 34. c7 {[%emt 0:00:01]} Re8 {[%emt 0:00:02]} 35. d7 {[%emt 0:00:01]} Rg8 {[%emt 0:00:01]} 36. d8=Q {[%emt 0:00:01]} f4 {[%emt 0:00:01]} 37. Q5xg5+ {[%emt 0:00:02]} Rxg5 {[%emt 0:00:01]} 38. c8=Q {[%emt 0:00:01]} f3 {[%emt 0:00:01]} 39. Qf6+ {[%emt 0:00:01]} Rg6 {[%emt 0:00:01]} 40. Qcf8# {[%emt 0:00:01] (Lag: Av=0.49s, max=1.2s)} 1-0

[Event "Stay Safe Play From Home 242"]
[Site "Emanuel Lasker Arena"]
[Date "2020.06.21"]
[Round "8"]
[White "Bardellosport"]
[Black "Watchel"]
[Result "1-0"]
[WhiteElo "2046"]
[BlackElo "1525"]
[Annotator "TA"]
[PlyCount "95"]
[EventDate "2020.06.21"]
[EventType "swiss (blitz)"]

{[%evp 9,95,-28,-8,-25,-10,-22,-19,-44,-30,-27,-14,-25,-2,-22,-8,-39,-35,-77,-77,-68,-70,-77,57,43,126,0,0,0,408,407,403,381,395,151,151,152,146,0,0,0,0,0,0,-8,-4,-25,-4,-20,0,-106,-37,-40,-30,-83,0,-124,0,-8,0,-30,-12,-287,-8,-350,-350,-350,-350,-2331,-2360,-29954,4610,-417,-281,-6705,-966,-958,-737,-29972,-29973,-29972,-29973,-29977,-29977,-29974,-29974,-29962,-4627,-570]} 1. d4 Nf6 2. e3 d5 3. f4 Bf5 4. Nf3 e6 5. Bd3 Bxd3 6. Qxd3 {D00: 1 d4 d5: Unusual lines.} c6 7. Qe2 {[#]} Be7 $146 ({Predecessor:} 7... Bd6 8. O-O O-O 9. a3 Nbd7 10. b4 a5 11. b5 c5 12. a4 b6 {½-½ (37) Akmal,S (1480)-Ong,J (1246) Dewan Astana 2015}) 8. Ne5 {The position is equal.} O-O 9. O-O Nfd7 10. c3 f6 11. Nxd7 Nxd7 12. Nd2 e5 13. e4 exd4 14. cxd4 dxe4 15. Nxe4 c5 (15... Nb6 $17 16. Qd3 Qd5) 16. dxc5 Nxc5 (16... f5 $14 17. Ng5 Nxc5) 17. Nxc5 (17. Qc4+ $16 Kh8 18. Nxc5) 17... Bxc5+ $11 18. Be3 Re8 $2 {[%mdl 8192]} (18... Bxe3+ $11 19. Qxe3 Qd5) 19. Qc4+ $18 {[%mdl 64] Double Attack} Kh8 20. Bxc5 Rc8 21. b4 $2 (21. Qd4 $18 {has better winning chances.}) 21... b6 $16 22. Rad1 Qc7 23. Qd4 ({White should try} 23. Rd5 $16) 23... bxc5 $11 24. bxc5 Qxc5 25. Qxc5 Rxc5 {[%mdl 4096] Endgame KRR-KRR} 26. Rd7 (26. g3 {feels hotter.} Kg8 27. Rf2 Re7 28. Kg2 Kf7 29. Rd6) 26... Ra5 27. Ra1 h6 28. h3 Re2 29. Kh2 (29. a4 $11 {keeps the balance.}) 29... Raxa2 (29... Ra3 $17 30. Rdd1 a5) 30. Rxa2 $15 Rxa2 $17 {KR-KR} 31. Kg3 (31. h4 $11) 31... a5 (31... Kh7 $17 32. Kf3 a5) 32. Ra7 (32. h4 $1 $11) 32... a4 ({Better is} 32... Kh7 $17 33. Kh4 Ra4) 33. h4 $1 $11 a3 34. Kh3 Kh7 {Strongly threatening ...h5.} 35. g3 $2 {[%mdl 8192] [#]} (35. h5 $11) 35... Kg6 $2 (35... h5 $1 $19 {aiming for ...Kg6.} 36. Ra5 Kh6) 36. Ra5 $2 {[%mdl 8192]} (36. g4 $11 {and White stays safe.}) 36... h5 $19 37. f5+ Kh6 38. g4 $2 (38. Ra7) 38... hxg4+ 39. Kg3 Kh5 $4 {[%mdl 8192] [#]} (39... Ra1 40. Ra8 g6 41. Ra6 a2 42. Kg2 gxf5 43. Rxf6+ Kg7 44. Ra6 f4 45. Ra7+ Kh6 46. Ra6+ Kh5 47. Ra7 f3+ 48. Kf2 Rh1 49. Rh7+ Kg6 50. Rd7 a1=Q 51. Ke3 Qe5+ 52. Kd3 Qe2+ 53. Kd4 Rd1+ 54. Kc3 Rc1+ 55. Kb3 Qb5+ {[%mdl 64] Double Attack} 56. Ka2 Qa4+ 57. Kb2 Rc2+ 58. Kb1 Qa2#) 40. Ra4 $4 {[%mdl 8192]} (40. Ra8 $1 $18 {[%cal Ra8h8][%mdl 512]} Rg2+ 41. Kxg2 Kxh4 42. Rxa3) 40... g6 41. Ra5 $2 (41. fxg6 Kxg6 42. Rxg4+ Kh5 43. Rf4) 41... gxf5 (41... Ra1 $142 42. fxg6+ Kxg6 43. Kxg4 a2 44. h5+ Kh6) 42. Rxf5+ Kg6 43. Ra5 Ra1 44. Kg2 a2 45. Ra4 f5 46. Ra6+ Kh5 47. Ra8 Kxh4 48. Rh8+ {[%mdl 32768] A wild game. Accuracy: White = 39%, Black = 65%. . Loss on time!?} 1-0

[Event "Stay Safe Play From Home 242"]
[Site "Emanuel Lasker Arena"]
[Date "2020.06.21"]
[Round "8"]
[White "mehrdadahouran"]
[Black "SoulofWolf"]
[Result "0-1"]
[WhiteElo "1827"]
[BlackElo "2118"]
[Annotator "TA"]
[PlyCount "50"]
[EventDate "2020.06.21"]
[EventType "swiss (blitz)"]

{[%evp 9,50,60,74,10,44,44,122,75,104,106,131,68,134,127,140,125,186,53,48,43,54,12,251,253,230,231,254,65,178,-57,286,-173,226,-171,-170,-625,-619,-626,-609,-644,-604,-566,-443]} 1. d4 c6 2. c4 Nf6 3. Nc3 e6 4. e4 d6 5. Bg5 {[#]} Nbd7 $146 ({Predecessor:} 5... h6 6. Bh4 Be7 7. e5 Nfd7 8. Bxe7 Qxe7 9. Nf3 d5 10. c5 b6 11. b4 a5 {1-0 (30) Voelker,D (1318)-Hoeppel,L Schney 2016}) 6. f3 {E20: Nimzo-Indian: 4 g3 and 4 f3.} (6. Nf3 $16) 6... h6 7. Be3 g5 (7... Be7 $14) 8. h3 {White is better.} Bg7 9. Nge2 Rb8 10. Nc1 ({Better is} 10. Qd2 $16) 10... b5 (10... Nh5 $14) 11. cxb5 $16 cxb5 12. Bxb5 O-O (12... a6 $16 {might work better.}) 13. Bd3 (13. h4 $18) 13... Rxb2 $14 14. O-O Nh5 15. Nb3 {Black must now prevent Qc1.} Bb7 $2 {[#]} (15... Nf4 $11 {and Black stays safe.} 16. Kh1 Nc5 17. dxc5 Bxc3) 16. Qc1 Rxb3 17. axb3 Qb6 18. Qc2 $2 (18. Ne2 $18) 18... Rc8 ({Black should play} 18... Bxd4 $14 19. Bf2 Nf4) 19. Rfc1 $2 (19. Ra4 $18) 19... Qb4 $2 {[%mdl 8192]} (19... Bxd4 $15 {keeps the upper hand.} 20. Bxd4 Qxd4+ 21. Kh2 d5 22. exd5 Qe5+ 23. Kg1 Qe3+ 24. Qf2 Qxd3 {[%mdl 64] Double Attack} 25. dxe6 fxe6 26. Rxa7 Rc7) 20. Qf2 $4 {[%mdl 8192]} ({Inferior is} 20. Rxa7 Bxd4 21. Bxd4 Qxd4+ 22. Qf2 Qxd3 $11) (20. Ra4 $18 Qb6 21. Qd2) 20... Nf4 $4 {[%mdl 8192]} (20... Rxc3 $19 21. Rxc3 Qxc3 {[%mdl 64] Double Attack} 22. Rxa7 Qxd3 23. Rxb7 {[#]} Ng3 $1 {[%mdl 512]}) 21. Ne2 $4 {[%mdl 8192]} (21. Na2 $18 {and all is fine.} Qxb3 22. Bf1 Rxc1 23. Rxc1 (23. Nxc1 Qb6 $18)) 21... Nxd3 $19 22. Qf1 $2 (22. Rxc8+ Bxc8 23. Qf1) 22... Nxc1 {Black is clearly winning.} 23. Rxc1 Rxc1 24. Nxc1 Qc3 25. Qf2 e5 {Accuracy: White = 12%, Black = 28%.} 0-1